[Event "Liga Madrileña - DH 2018-2019"]
[Site "Madrid ESP"]
[Date "2019.01.20"]
[Round "6.2"]
[White "Jimenez Lopez, Antonio"]
[Black "Gallardo Garcia, Andres"]
[Result "1-0"]
[WhiteElo "2176"]
[BlackElo "2331"]
[PlyCount "111"]
[EventDate "2018.11.18"]
[EventType "team-tourn"]
[EventRounds "14"]
[EventCountry "ESP"]
[SourceTitle "Ajedrez en Madrid"]
[Source "lmi"]
[SourceDate "2018.11.18"]
[SourceVersion "1"]
[SourceVersionDate "2019.04.02"]
[SourceQuality "1"]
[WhiteTeam "San Fernando de Henares"]
[BlackTeam "Alcorcon"]
[WhiteTeamCountry "ESP"]
[BlackTeamCountry "ESP"]

1. e4 c6 2. d4 d5 3. Nd2 dxe4 4. Nxe4 Bf5 5. Ng3 Bg6 6. h4 h6 7. Nf3 Nd7 8. h5
Bh7 9. Bd3 Bxd3 10. Qxd3 e6 11. Bd2 Ngf6 12. O-O-O Be7 13. Kb1 O-O 14. Ne4 c5
15. Bc1 Qb6 16. Ne5 cxd4 17. Nxf6+ Nxf6 18. g4 Qc5 19. f4 Qd5 20. g5 hxg5 21.
h6 Qe4 22. hxg7 Rfc8 23. fxg5 Qxd3 24. Rxd3 Nh7 25. Rf3 f5 26. Rfh3 Nxg5 27.
Bxg5 Bxg5 28. Rg3 Kxg7 29. Rxg5+ Kf6 30. Nf3 Rg8 31. Rh6+ Ke7 32. Kc1 Rh8 33.
Rg7+ Kd6 34. Rxh8 Rxh8 35. Nxd4 Ke5 36. c3 f4 37. Rxb7 Rh6 38. Re7 Kd6 39. Rxa7
Rh1+ 40. Kc2 e5 41. Ra6+ Kd5 42. Ra5+ Kd6 43. Nf3 e4 44. Ng5 Rh2+ 45. Kc1 e3
46. Rf5 Rf2 47. Kd1 Rxb2 48. Rxf4 Rxa2 49. Re4 Rg2 50. Nf3 Kc5 51. Rxe3 Kc4 52.
Nd2+ Kc5 53. Kc2 Rh2 54. Rg3 Kd5 55. Kd3 Kc5 56. Rg5+ 1-0

[Event "Liga Madrileña - DH 2018-2019"]
[Site "Madrid ESP"]
[Date "2019.01.20"]
[Round "6.3"]
[White "Vallejo Diaz, Jesus"]
[Black "Garrido Olivares, Ricard"]
[Result "1/2-1/2"]
[WhiteElo "2225"]
[BlackElo "2158"]
[PlyCount "64"]
[EventDate "2018.11.18"]
[EventType "team-tourn"]
[EventRounds "14"]
[EventCountry "ESP"]
[SourceTitle "Ajedrez en Madrid"]
[Source "lmi"]
[SourceDate "2018.11.18"]
[SourceVersion "1"]
[SourceVersionDate "2019.04.02"]
[SourceQuality "1"]
[WhiteTeam "Alcorcon"]
[BlackTeam "San Fernando de Henares"]
[WhiteTeamCountry "ESP"]
[BlackTeamCountry "ESP"]

1. e4 c6 2. d4 d5 3. Nd2 dxe4 4. Nxe4 Bf5 5. Ng3 Bg6 6. Bc4 e6 7. N1e2 Nf6 8.
h4 h6 9. Nf4 Bh7 10. Qe2 Bd6 11. Ngh5 O-O 12. g4 Bxf4 13. Bxf4 Nxh5 14. gxh5
Qxd4 15. Be5 Qe4 16. Rg1 Qxe2+ 17. Kxe2 f6 18. Bf4 Kh8 19. Rg3 Bf5 20. Rag1 Rf7
21. Re3 Re7 22. Bd6 Rd7 23. Bxe6 Bxe6 24. Rxe6 Na6 25. Rd1 Nc7 26. Bxc7 Rxc7
27. c4 Kg8 28. f4 Kf7 29. f5 Re8 30. Rdd6 Rce7 31. Rxe7+ Rxe7+ 32. Kf3 Re5
1/2-1/2

[Event "Liga Madrileña - DH 2018-2019"]
[Site "Madrid ESP"]
[Date "2019.01.20"]
[Round "6.4"]
[White "Bustos Bernardo, Samuel"]
[Black "Garcia Dorado, Alberto"]
[Result "0-1"]
[WhiteElo "2156"]
[BlackElo "2235"]
[PlyCount "88"]
[EventDate "2018.11.18"]
[EventType "team-tourn"]
[EventRounds "14"]
[EventCountry "ESP"]
[SourceTitle "Ajedrez en Madrid"]
[Source "lmi"]
[SourceDate "2018.11.18"]
[SourceVersion "1"]
[SourceVersionDate "2019.04.02"]
[SourceQuality "1"]
[WhiteTeam "San Fernando de Henares"]
[BlackTeam "Alcorcon"]
[WhiteTeamCountry "ESP"]
[BlackTeamCountry "ESP"]

1. Nf3 d5 2. d4 Nf6 3. c4 e6 4. Nc3 c6 5. cxd5 exd5 6. Bg5 Be7 7. Qc2 Nbd7 8.
e3 Nh5 9. Bxe7 Qxe7 10. Be2 g6 11. O-O O-O 12. Bd3 Ndf6 13. Ne5 Ng7 14. Rae1
Bf5 15. f3 Bxd3 16. Qxd3 Rad8 17. Na4 Ne6 18. f4 Ne4 19. Nc3 Nd6 20. b4 f6 21.
Nf3 Nc7 22. a4 a6 23. Rb1 Rfe8 24. Rfe1 Kg7 25. a5 Ncb5 26. Na4 Ne4 27. Nd2
Nxd2 28. Qxd2 Nd6 29. Nc5 Qf7 30. Re2 Re7 31. Rf1 Rde8 32. Qd3 h5 33. Rf3 Nf5
34. g3 Re4 35. Nb3 Qe7 36. Nc5 Nxd4 37. exd4 Rxe2 38. f5 Re1+ 39. Rf1 Rxf1+ 40.
Qxf1 Qe1 41. fxg6 Qd2 42. Nd3 Re2 43. Qf4 Qd1+ 44. Qf1 Qxd3 0-1

[Event "Liga Madrileña - DH 2018-2019"]
[Site "Madrid ESP"]
[Date "2019.01.20"]
[Round "6.5"]
[White "Medina Riesgo, Pedro"]
[Black "De la Orden Alcocer, Alejandro"]
[Result "1-0"]
[WhiteElo "2141"]
[BlackElo "1972"]
[PlyCount "71"]
[EventDate "2018.11.18"]
[EventType "team-tourn"]
[EventRounds "14"]
[EventCountry "ESP"]
[SourceTitle "Ajedrez en Madrid"]
[Source "lmi"]
[SourceDate "2018.11.18"]
[SourceVersion "1"]
[SourceVersionDate "2019.04.02"]
[SourceQuality "1"]
[WhiteTeam "Alcorcon"]
[BlackTeam "San Fernando de Henares"]
[WhiteTeamCountry "ESP"]
[BlackTeamCountry "ESP"]

1. e4 Nf6 2. e5 Nd5 3. c4 Nb6 4. d4 d6 5. f4 dxe5 6. fxe5 c5 7. Nf3 Bg4 8. d5
g6 9. Bf4 Bg7 10. Nbd2 e6 11. Ne4 O-O 12. Bg5 Qc7 13. Nf6+ Bxf6 14. Bxf6 N8d7
15. d6 Qc6 16. Be2 Nxf6 17. exf6 Nd7 18. O-O Bf5 19. g4 Bxg4 20. Ne5 Nxe5 21.
Bxg4 Qe4 22. Be2 Rad8 23. Qc1 Qh4 24. Qe3 Qd4 25. Qxd4 cxd4 26. c5 Nd7 27. b4
Rb8 28. Rad1 e5 29. Bg4 Rbd8 30. Bxd7 Rxd7 31. Rfe1 b6 32. Rxe5 Rc8 33. Rxd4
Kf8 34. Re7 Rcd8 35. Rxd7 Rxd7 36. c6 1-0

[Event "Liga Madrileña - DH 2018-2019"]
[Site "Madrid ESP"]
[Date "2019.01.20"]
[Round "6.6"]
[White "Lucas Quintans, Carlos"]
[Black "Ramos del Campo, Alexander"]
[Result "0-1"]
[WhiteElo "1938"]
[BlackElo "2093"]
[PlyCount "94"]
[EventDate "2018.11.18"]
[EventType "team-tourn"]
[EventRounds "14"]
[EventCountry "ESP"]
[SourceTitle "Ajedrez en Madrid"]
[Source "lmi"]
[SourceDate "2018.11.18"]
[SourceVersion "1"]
[SourceVersionDate "2019.04.02"]
[SourceQuality "1"]
[WhiteTeam "San Fernando de Henares"]
[BlackTeam "Alcorcon"]
[WhiteTeamCountry "ESP"]
[BlackTeamCountry "ESP"]

1. d4 d5 2. Nf3 Nf6 3. g3 e6 4. Bg2 c5 5. c3 Nc6 6. O-O Be7 7. Ne5 Qb6 8. e3
O-O 9. f4 Ne4 10. Nd2 Nxd2 11. Qxd2 f6 12. Nd3 c4 13. Nf2 f5 14. g4 Qd8 15. b3
b5 16. a4 Na5 17. bxc4 Nb3 18. Qa2 bxc4 19. Rb1 Qa5 20. Bd2 Bd7 21. gxf5 exf5
22. Rxb3 cxb3 23. Qxb3 Be6 24. e4 fxe4 25. Nxe4 Qb6 26. Qc2 dxe4 27. Bxe4 Rab8
28. Bxh7+ Kh8 29. Be4 Qa6 30. Qd1 Bf5 31. Bxf5 Rxf5 32. Rf3 Rb6 33. Qe1 Rg6+
34. Rg3 Rxg3+ 35. hxg3 Rf7 36. g4 Qxa4 37. g5 Qc6 38. Qh4+ Kg8 39. Qg4 Qe4 40.
g6 Rf6 41. Qc8+ Bf8 42. Qc4+ Kh8 43. Kf2 Rxg6 44. Qf1 Rh6 45. Qg2 Qxg2+ 46.
Kxg2 a5 47. c4 a4 0-1

[Event "Liga Madrileña - DH 2018-2019"]
[Site "Madrid ESP"]
[Date "2019.01.20"]
[Round "6.1"]
[White "Valles Moreno, Ivan"]
[Black "Martinez Reyes, Pedro Ramon"]
[Result "1/2-1/2"]
[WhiteElo "2416"]
[BlackElo "2398"]
[PlyCount "77"]
[EventDate "2018.11.18"]
[EventType "team-tourn"]
[EventRounds "14"]
[EventCountry "ESP"]
[SourceTitle "Ajedrez en Madrid"]
[Source "lmi"]
[SourceDate "2018.11.18"]
[SourceVersion "1"]
[SourceVersionDate "2019.04.02"]
[SourceQuality "1"]
[WhiteTeam "Liberty Chess"]
[BlackTeam "Blanco y Negro"]
[WhiteTeamCountry "ESP"]
[BlackTeamCountry "ESP"]

1. d4 d5 2. c4 dxc4 3. Nf3 Nf6 4. e3 e6 5. Bxc4 c5 6. O-O Nc6 7. a3 cxd4 8.
exd4 Be7 9. Nc3 O-O 10. Re1 Qc7 11. Ba2 Rd8 12. Be3 Qa5 13. Qc2 Bd7 14. Rad1
Rac8 15. d5 exd5 16. Nxd5 Nxd5 17. Rxd5 Nb4 18. Qd2 Qa4 19. Rd4 Rc2 20. Rxb4
Rxd2 21. Rxa4 Rxb2 22. Re4 Bxa3 23. Bd5 a5 24. Bc1 Rb5 25. Bc4 Bb4 26. Bxb5
Bxb5 27. Rxb4 axb4 28. Bb2 Rd3 29. h3 f6 30. Re3 Rd1+ 31. Kh2 Bc4 32. Re8+ Kf7
33. Rb8 Bd5 34. Kg3 b3 35. Rc8 Bxf3 36. gxf3 Rd2 37. Ba3 b5 38. Rc3 b2 39. Rb3
1/2-1/2

[Event "Liga Madrileña - DH 2018-2019"]
[Site "Madrid ESP"]
[Date "2019.01.20"]
[Round "6.2"]
[White "Alarcia Astiz, Carlos"]
[Black "Fernandez Garcia, Miguel Angel"]
[Result "1/2-1/2"]
[WhiteElo "2287"]
[BlackElo "2306"]
[PlyCount "139"]
[EventDate "2018.11.18"]
[EventType "team-tourn"]
[EventRounds "14"]
[EventCountry "ESP"]
[SourceTitle "Ajedrez en Madrid"]
[Source "lmi"]
[SourceDate "2018.11.18"]
[SourceVersion "1"]
[SourceVersionDate "2019.04.02"]
[SourceQuality "1"]
[WhiteTeam "Blanco y Negro"]
[BlackTeam "Liberty Chess"]
[WhiteTeamCountry "ESP"]
[BlackTeamCountry "ESP"]

1. e4 Nf6 2. e5 Nd5 3. d4 Nb6 4. f4 d5 5. Bd3 e6 6. Nf3 c5 7. c3 Nc6 8. a3 Bd7
9. O-O Qc7 10. Kh1 c4 11. Bc2 g6 12. Be3 Be7 13. Nbd2 O-O-O 14. Bf2 Rdf8 15.
Bh4 Bxh4 16. Nxh4 f5 17. exf6 Rxf6 18. g3 Kb8 19. Nhf3 Bc8 20. Qe2 Rhf8 21. Kg2
Ka8 22. Rf2 Kb8 23. Nf1 a6 24. Ne3 R6f7 25. Ng4 Re7 26. Re1 Nd7 27. Qd2 Nf6 28.
Nxf6 Rxf6 29. Rfe2 Nd8 30. Ne5 Re8 31. Re3 Rff8 32. Ng4 Nc6 33. Bd1 Ne7 34. Bc2
Nc6 35. R1e2 Qg7 36. Qe1 Re7 37. Ne5 Nd8 38. b3 cxb3 39. Bxb3 g5 40. fxg5 Qxg5
41. Rf2 Rxf2+ 42. Qxf2 Rc7 43. h4 Qe7 44. Qb2 Qd6 45. Ba4 Nf7 46. Nxf7 Rxf7 47.
Bd1 Rg7 48. Qb4 Qc7 49. Re5 b6 50. Be2 Ka7 51. Re3 Qf4 52. Rf3 Qd2 53. Kf2 Rc7
54. Rd3 Rf7+ 55. Rf3 Rc7 56. Rd3 Qc2 57. Re3 a5 58. Qf8 Rxc3 59. Rxc3 Qxc3 60.
Qg7+ Kb8 61. a4 Qc2 62. Ke3 Qc1+ 63. Kf3 Qc3+ 64. Kf4 Qd2+ 65. Kf3 Qc3+ 66. Kf2
Ka8 67. Bb5 Qc2+ 68. Ke3 Qc1+ 69. Kf3 Qh1+ 70. Ke3 1/2-1/2

[Event "Liga Madrileña - DH 2018-2019"]
[Site "Madrid ESP"]
[Date "2019.01.20"]
[Round "6.3"]
[White "Moreno Ibañez, Miguel"]
[Black "Renteria Becerra, Jorge Elicer"]
[Result "1-0"]
[WhiteElo "2275"]
[BlackElo "2227"]
[PlyCount "57"]
[EventDate "2018.11.18"]
[EventType "team-tourn"]
[EventRounds "14"]
[EventCountry "ESP"]
[SourceTitle "Ajedrez en Madrid"]
[Source "lmi"]
[SourceDate "2018.11.18"]
[SourceVersion "1"]
[SourceVersionDate "2019.04.02"]
[SourceQuality "1"]
[WhiteTeam "Liberty Chess"]
[BlackTeam "Blanco y Negro"]
[WhiteTeamCountry "ESP"]
[BlackTeamCountry "ESP"]

1. e4 e5 2. Nf3 Nc6 3. Bb5 Nd4 4. Nxd4 exd4 5. Bc4 Nf6 6. d3 d5 7. exd5 Bd6 8.
h3 O-O 9. O-O h6 10. Qf3 a6 11. Nd2 b5 12. Bb3 Bb7 13. Ne4 Nxe4 14. dxe4 c5 15.
dxc6 Bxc6 16. Bf4 Ra7 17. Rad1 Bxf4 18. Qxf4 Rd7 19. Rd3 b4 20. Rfd1 Bb5 21.
R3d2 Qb6 22. Bd5 Qc5 23. Qe5 Rc8 24. Qf5 Kh8 25. Rxd4 Qxc2 26. Bb3 Rxd4 27.
Bxc2 Rxd1+ 28. Bxd1 Rc1 29. Qf3 1-0

[Event "Liga Madrileña - DH 2018-2019"]
[Site "Madrid ESP"]
[Date "2019.01.20"]
[Round "6.4"]
[White "Hidalgo Duque, Carlos"]
[Black "Perez Gonzalez, Jose Manuel"]
[Result "1/2-1/2"]
[WhiteElo "2225"]
[BlackElo "2224"]
[PlyCount "72"]
[EventDate "2018.11.18"]
[EventType "team-tourn"]
[EventRounds "14"]
[EventCountry "ESP"]
[SourceTitle "Ajedrez en Madrid"]
[Source "lmi"]
[SourceDate "2018.11.18"]
[SourceVersion "1"]
[SourceVersionDate "2019.04.02"]
[SourceQuality "1"]
[WhiteTeam "Blanco y Negro"]
[BlackTeam "Liberty Chess"]
[WhiteTeamCountry "ESP"]
[BlackTeamCountry "ESP"]

1. Nf3 g6 2. c4 Nf6 3. Nc3 Bg7 4. e4 d6 5. d4 O-O 6. Be2 c5 7. O-O cxd4 8. Nxd4
Nc6 9. Be3 Bd7 10. Qd2 Nxd4 11. Bxd4 Bc6 12. f3 a5 13. b3 Nd7 14. Be3 Nc5 15.
Rab1 Qb6 16. Rfc1 Rfc8 17. Rc2 h5 18. Bf1 Kh7 19. Ne2 Qd8 20. Nd4 Bd7 21. a3
Ne6 22. Ne2 b5 23. Nc3 bxc4 24. Bxc4 a4 25. Bxe6 fxe6 26. b4 Rc4 27. Rbc1 Rac8
28. Ne2 Rxc2 29. Rxc2 Qh8 30. Kf2 Bb5 31. Rxc8 Qxc8 32. Bd4 Bh6 33. Qc3 Qa6 34.
Nc1 e5 35. Be3 Bxe3+ 36. Qxe3 Qc6 1/2-1/2

[Event "Liga Madrileña - DH 2018-2019"]
[Site "Madrid ESP"]
[Date "2019.01.20"]
[Round "6.5"]
[White "Paredes Sanchez, Juan Antonio"]
[Black "Beltran de Heredia Eguiaz, Miguel Angel"]
[Result "1/2-1/2"]
[WhiteElo "2150"]
[BlackElo "2230"]
[PlyCount "54"]
[EventDate "2018.11.18"]
[EventType "team-tourn"]
[EventRounds "14"]
[EventCountry "ESP"]
[SourceTitle "Ajedrez en Madrid"]
[Source "lmi"]
[SourceDate "2018.11.18"]
[SourceVersion "1"]
[SourceVersionDate "2019.04.02"]
[SourceQuality "1"]
[WhiteTeam "Liberty Chess"]
[BlackTeam "Blanco y Negro"]
[WhiteTeamCountry "ESP"]
[BlackTeamCountry "ESP"]

1. e4 c5 2. Nf3 e6 3. d3 Nc6 4. g3 g6 5. Bg2 Bg7 6. O-O Nge7 7. c3 d5 8. Nbd2
O-O 9. exd5 exd5 10. Nb3 b6 11. d4 c4 12. Nbd2 Bf5 13. Re1 Qd7 14. Nf1 Rfe8 15.
Ne3 Bd3 16. Ng5 h6 17. Nh3 g5 18. f4 f6 19. Nf2 Bg6 20. Qf3 Rad8 21. Bd2 Qd6
22. h4 Rf8 23. Kh1 h5 24. f5 g4 25. Nfxg4 hxg4 26. Qxg4 Bh7 27. Qf3 Kh8 1/2-1/2

[Event "Liga Madrileña - DH 2018-2019"]
[Site "Madrid ESP"]
[Date "2019.01.20"]
[Round "6.6"]
[White "Alba Linero, Emilio"]
[Black "Barraza Caracuel, Ignacio"]
[Result "0-1"]
[WhiteElo "2161"]
[BlackElo "2096"]
[PlyCount "120"]
[EventDate "2018.11.18"]
[EventType "team-tourn"]
[EventRounds "14"]
[EventCountry "ESP"]
[SourceTitle "Ajedrez en Madrid"]
[Source "lmi"]
[SourceDate "2018.11.18"]
[SourceVersion "1"]
[SourceVersionDate "2019.04.02"]
[SourceQuality "1"]
[WhiteTeam "Blanco y Negro"]
[BlackTeam "Liberty Chess"]
[WhiteTeamCountry "ESP"]
[BlackTeamCountry "ESP"]

1. e4 c5 2. Nf3 e6 3. d3 Nc6 4. g3 d6 5. Bg2 Nf6 6. O-O Be7 7. c3 O-O 8. a3 Bd7
9. b4 b5 10. a4 bxa4 11. e5 Nxe5 12. Nxe5 dxe5 13. Bxa8 Qxa8 14. bxc5 Bxc5 15.
Ba3 Qd5 16. c4 Qd6 17. Qe2 Bc6 18. Bxc5 Qxc5 19. Qe3 Qa5 20. f3 Rd8 21. Rc1 Nd7
22. Nd2 Nc5 23. Ne4 Nb3 24. Qg5 Bxe4 25. dxe4 Nxc1 26. Qxc1 h6 27. c5 Rc8 28.
Qc2 Qxc5+ 29. Qxc5 Rxc5 30. Rxa4 a5 31. Kf2 g5 32. Ke3 Kg7 33. f4 gxf4+ 34.
gxf4 Rc3+ 35. Kf2 exf4 36. Rxa5 Re3 37. e5 Kg6 38. Rb5 h5 39. Ra5 h4 40. Kg2
h3+ 41. Kf2 Kf5 42. Ra7 Kxe5 43. Rxf7 Ke4 44. Ra7 e5 45. Ra8 Rd3 46. Ra4+ Kf5
47. Ra8 Ke4 48. Ra4+ Rd4 49. Ra3 Rd2+ 50. Kg1 Rd3 51. Ra1 Kf3 52. Rf1+ Ke2 53.
Rf2+ Ke3 54. Rf1 e4 55. Re1+ Kf3 56. Rf1+ Kg4 57. Kh1 e3 58. Re1 e2 59. Kg1 Kf3
60. Kh1 Rd1 0-1

[Event "Liga Madrileña - DH 2018-2019"]
[Site "Madrid ESP"]
[Date "2019.01.20"]
[Round "6.1"]
[White "Iturrizaga Bonelli, Eduardo"]
[Black "Espinosa Aranda, Angel"]
[Result "1-0"]
[WhiteElo "2637"]
[BlackElo "2478"]
[PlyCount "103"]
[EventDate "2018.11.18"]
[EventType "team-tourn"]
[EventRounds "14"]
[EventCountry "ESP"]
[SourceTitle "Ajedrez en Madrid"]
[Source "lmi"]
[SourceDate "2018.11.18"]
[SourceVersion "1"]
[SourceVersionDate "2019.04.02"]
[SourceQuality "1"]
[WhiteTeam "Collado Villalba"]
[BlackTeam "Virgen de Atocha"]
[WhiteTeamCountry "ESP"]
[BlackTeamCountry "ESP"]

1. c4 Nf6 2. g3 g6 3. Bg2 Bg7 4. Nc3 O-O 5. d4 d6 6. e4 c5 7. Nge2 cxd4 8. Nxd4
Nc6 9. Nde2 Be6 10. b3 a6 11. a4 Nd7 12. O-O Nc5 13. Be3 Qa5 14. Bd2 Bg4 15. f3
Bd7 16. Rb1 Qd8 17. Be3 Nb4 18. Qd2 a5 19. Rfd1 Rc8 20. Nd4 Nc6 21. Ndb5 Ne5
22. Nd5 Bxb5 23. cxb5 e6 24. Nf4 Qf6 25. Qxa5 g5 26. Nh5 Nxf3+ 27. Kh1 Qe5 28.
Nxg7 g4 29. Bxf3 gxf3 30. Bd4 Qxe4 31. Qe1 Qg4 32. Qe3 e5 33. Bxc5 Rxc5 34.
Rxd6 Rc2 35. Rh6 Qxg7 36. Rh5 f6 37. Qxf3 Rfc8 38. Rh4 Kh8 39. Rf1 Rc1 40. Rc4
R8xc4 41. bxc4 Rxc4 42. a5 Ra4 43. a6 bxa6 44. Qa8+ Qg8 45. Qc6 Qg6 46. b6 Rb4
47. b7 Kg7 48. b8=Q Rxb8 49. Qc7+ Kh6 50. Qxb8 Qe4+ 51. Kg1 Qe3+ 52. Rf2 1-0

[Event "Liga Madrileña - DH 2018-2019"]
[Site "Madrid ESP"]
[Date "2019.01.20"]
[Round "6.2"]
[White "Almagro Llamas, Pablo"]
[Black "Vazquez Igarza, Renier"]
[Result "1/2-1/2"]
[WhiteElo "2456"]
[BlackElo "2567"]
[PlyCount "50"]
[EventDate "2018.11.18"]
[EventType "team-tourn"]
[EventRounds "14"]
[EventCountry "ESP"]
[SourceTitle "Ajedrez en Madrid"]
[Source "lmi"]
[SourceDate "2018.11.18"]
[SourceVersion "1"]
[SourceVersionDate "2019.04.02"]
[SourceQuality "1"]
[WhiteTeam "Virgen de Atocha"]
[BlackTeam "Collado Villalba"]
[WhiteTeamCountry "ESP"]
[BlackTeamCountry "ESP"]

1. Nf3 Nf6 2. b3 g6 3. Bb2 Bg7 4. g3 d6 5. Bg2 c5 6. O-O O-O 7. c4 e5 8. Nc3
Nc6 9. e3 Ne8 10. d3 Nc7 11. Nd2 Rb8 12. Qe2 a6 13. Rad1 Be6 14. Na4 Ne7 15.
Nb6 Ne8 16. Nd5 Nxd5 17. cxd5 Bd7 18. Rfe1 Nf6 19. h3 Re8 20. Nc4 Bf8 21. Qd2
b5 22. Na5 Rc8 23. Rc1 b4 24. Nc4 Bb5 25. a4 bxa3 1/2-1/2

[Event "Liga Madrileña - DH 2018-2019"]
[Site "Madrid ESP"]
[Date "2019.01.20"]
[Round "6.3"]
[White "Gascon del Nogal, Jose Rafael"]
[Black "Rubio Mejia, Luis Ignacio"]
[Result "1-0"]
[WhiteElo "2486"]
[BlackElo "2440"]
[PlyCount "71"]
[EventDate "2018.11.18"]
[EventType "team-tourn"]
[EventRounds "14"]
[EventCountry "ESP"]
[SourceTitle "Ajedrez en Madrid"]
[Source "lmi"]
[SourceDate "2018.11.18"]
[SourceVersion "1"]
[SourceVersionDate "2019.04.02"]
[SourceQuality "1"]
[WhiteTeam "Collado Villalba"]
[BlackTeam "Virgen de Atocha"]
[WhiteTeamCountry "ESP"]
[BlackTeamCountry "ESP"]

1. d4 Nf6 2. c4 e6 3. Nf3 b6 4. g3 Bb7 5. Bg2 Bb4+ 6. Bd2 a5 7. O-O O-O 8. Nc3
d6 9. Qc2 Bxc3 10. Bxc3 Be4 11. Qc1 Nbd7 12. Bh3 Bxf3 13. exf3 d5 14. b3 c6 15.
a4 Qc7 16. Re1 Rfe8 17. f4 g6 18. Bg2 Rec8 19. Qb2 Ne8 20. Rac1 Qb7 21. Qa3
Ndf6 22. Rc2 Nc7 23. Qe7 Kg7 24. Rxe6 Ng8 25. Qd7 Rab8 26. Rxc6 Nf6 27. Rxf6
Kxf6 28. cxd5 Ne8 29. Qxb7 Rxb7 30. d6 Nxd6 31. Bxb7 Nxb7 32. d5+ Kf5 33. f3 h5
34. h3 Rc5 35. Be5 Rxd5 36. Rc6 1-0

[Event "Liga Madrileña - DH 2018-2019"]
[Site "Madrid ESP"]
[Date "2019.01.20"]
[Round "6.4"]
[White "Cabrera Trujillo, Jorge Juan"]
[Black "Moreno Ruiz, Javier"]
[Result "0-1"]
[WhiteElo "2323"]
[BlackElo "2452"]
[PlyCount "70"]
[EventDate "2018.11.18"]
[EventType "team-tourn"]
[EventRounds "14"]
[EventCountry "ESP"]
[SourceTitle "Ajedrez en Madrid"]
[Source "lmi"]
[SourceDate "2018.11.18"]
[SourceVersion "1"]
[SourceVersionDate "2019.04.02"]
[SourceQuality "1"]
[WhiteTeam "Virgen de Atocha"]
[BlackTeam "Collado Villalba"]
[WhiteTeamCountry "ESP"]
[BlackTeamCountry "ESP"]

1. e4 e6 2. d4 d5 3. Nd2 Be7 4. Bd3 c5 5. dxc5 Nf6 6. Qe2 O-O 7. Ngf3 a5 8. O-O
Na6 9. e5 Nd7 10. c4 Naxc5 11. Bc2 b6 12. Rd1 Bb7 13. b3 Qc7 14. Bb2 Rac8 15.
Rac1 Rfd8 16. h4 h6 17. Bb1 Qb8 18. Qe3 Nf8 19. h5 dxc4 20. Nxc4 Rxd1+ 21. Rxd1
Rd8 22. Rc1 Bd5 23. Qf4 Qb7 24. Nd6 Bxd6 25. exd6 f6 26. Re1 Qf7 27. Re3 Qxh5
28. Bxf6 gxf6 29. Qxf6 Rd7 30. Ne5 Rg7 31. f3 Qg5 32. Ng4 Qxf6 33. Nxf6+ Kf7
34. Ng4 h5 35. Nh6+ Kf6 0-1

[Event "Liga Madrileña - DH 2018-2019"]
[Site "Madrid ESP"]
[Date "2019.01.20"]
[Round "6.5"]
[White "Suarez Uriel, Adrian"]
[Black "Vazquez Torres, Adrian"]
[Result "1-0"]
[WhiteElo "2391"]
[BlackElo "2168"]
[PlyCount "119"]
[EventDate "2018.11.18"]
[EventType "team-tourn"]
[EventRounds "14"]
[EventCountry "ESP"]
[SourceTitle "Ajedrez en Madrid"]
[Source "lmi"]
[SourceDate "2018.11.18"]
[SourceVersion "1"]
[SourceVersionDate "2019.04.02"]
[SourceQuality "1"]
[WhiteTeam "Collado Villalba"]
[BlackTeam "Virgen de Atocha"]
[WhiteTeamCountry "ESP"]
[BlackTeamCountry "ESP"]

1. e4 c5 2. Nf3 d6 3. Nc3 Nf6 4. e5 dxe5 5. Nxe5 Nbd7 6. d4 e6 7. Bb5 a6 8.
Bxd7+ Bxd7 9. O-O Bb5 10. Nxb5 axb5 11. Bg5 h6 12. Bh4 Qd5 13. Qe2 cxd4 14.
Rfd1 g5 15. Bg3 Bg7 16. c3 Ne4 17. Nf3 Nxg3 18. hxg3 Qc4 19. Qxc4 bxc4 20. Nxd4
Bxd4 21. Rxd4 b5 22. Rad1 Ke7 23. a3 Rab8 24. Rd7+ Kf6 25. Kf1 h5 26. Ke2 Rhg8
27. Ke3 Rg7 28. Ra7 g4 29. Rdd7 Rf8 30. Kf4 h4 31. Rab7 e5+ 32. Ke3 hxg3 33.
fxg3 Ke6 34. Rd2 Rgg8 35. Rb6+ Ke7 36. Rxb5 f6 37. Rf2 Rb8 38. Rb4 Rgc8 39. Ke4
Ke6 40. a4 Rxb4 41. cxb4 Rd8 42. Rc2 f5+ 43. Ke3 Rd3+ 44. Kf2 Kd5 45. b5 Rb3
46. Rd2+ Kc5 47. Re2 Kd4 48. Rd2+ Ke4 49. Re2+ Kd3 50. Re3+ Kd2 51. Rxe5 Kc1
52. Re2 Rb4 53. Ke3 Rxa4 54. Kd4 Kd1 55. Rf2 Ke1 56. Rxf5 Rb4 57. Kc3 Rb3+ 58.
Kxc4 Rxb2 59. Rf4 Ra2 60. Kc5 1-0

[Event "Liga Madrileña - DH 2018-2019"]
[Site "Madrid ESP"]
[Date "2019.01.20"]
[Round "6.6"]
[White "Perez de Aranda, Leonardo Ivan"]
[Black "Martin Duque, Jesus"]
[Result "0-1"]
[WhiteElo "2091"]
[BlackElo "2365"]
[PlyCount "74"]
[EventDate "2018.11.18"]
[EventType "team-tourn"]
[EventRounds "14"]
[EventCountry "ESP"]
[SourceTitle "Ajedrez en Madrid"]
[Source "lmi"]
[SourceDate "2018.11.18"]
[SourceVersion "1"]
[SourceVersionDate "2019.04.02"]
[SourceQuality "1"]
[WhiteTeam "Virgen de Atocha"]
[BlackTeam "Collado Villalba"]
[WhiteTeamCountry "ESP"]
[BlackTeamCountry "ESP"]

1. e4 c5 2. c4 Nc6 3. Nc3 g6 4. g3 Bg7 5. Bg2 d6 6. Nge2 e6 7. O-O Nge7 8. Rb1
O-O 9. a3 b6 10. b4 Bb7 11. d3 Qd7 12. Be3 Nd4 13. f4 Rab8 14. Bf2 f5 15. Nxd4
cxd4 16. Ne2 e5 17. Qd2 Kh8 18. Rbc1 Rbc8 19. Rc2 Rc7 20. Rfc1 Rfc8 21. a4 Ng8
22. a5 bxa5 23. b5 fxe4 24. dxe4 Nf6 25. Qd3 Rc5 26. h3 Qf7 27. g4 Nd7 28. Bf1
Nf6 29. fxe5 dxe5 30. Ng3 Bh6 31. Ra1 a4 32. Be1 Rxc4 33. Rf2 Qg7 34. Bd2 Rc3
35. Bxc3 Rxc3 36. Qd1 Rxg3+ 37. Kh2 Bf4 0-1